000 01096nam a22003855b 4500
001 02247382
003 DO-SdBNP
005 20180326142831.0
007 02247382
008 940426s 1993 sp | spa
016 7 _a
_2BPMSU
017 _a
_b
020 _a8434827034
035 _a
040 _aBPMSU
_bspa
_cBPMSU
_e
041 1 _aspa
_h
080 0 _a
100 1 _aMachado, Ana María,
_d1941-
240 1 0 _a
_l
245 1 _aCamilón, comilón /
_cAna María Machado ; ilustraciones de Gusti ; traducción Manuel Barbadillo
_h
250 _a8ª ed.
260 _aMadrid :
_bSM,
_c1993
300 _a59 p. :
_b il.,
_c19 cm
490 1 _aEl barco de vapor
_v27
490 1 _aSerie blanca
586 _a"Manzana de Oro en Bratislava 1990"
586 _a"Premio Nacional de Ilustración 1990"
700 1 2 _aGusti,
_d1963-
_eil.
700 1 2 _aBarbadillo, Manuel,
_d1928-2007
_etr.
830 0 _aEl barco de vapor
_v27
830 0 _a Serie blanca
942 _2ddc
_cBK
945 _aInventariado, 2018 /LP
956 _aVMATEO
_b10
_c20160405
_d0069
_h20160405
999 _c9546
_d9546